| 000 | 00639ntaaa2200205 4500 | ||
|---|---|---|---|
| 003 | 01 | ||
| 005 | 20251027203238.0 | ||
| 008 | 0714s1973 ag 01 | ||
| 020 | _a0802846506 | ||
| 040 |
_aAR-BaBN _bspa _cAR-BaBN _eaacr _dRIC |
||
| 082 | _a266.0097 G93 | ||
| 245 |
_aMissional Church : _bA vision for the Sending of the Church in North America / _ceditado por Darrell L. Guder |
||
| 250 | _a1ยช ed. | ||
| 260 |
_aGrand Rapids : _bEerdmans Publishing Company, _c1998 |
||
| 300 | _a280 p. | ||
| 490 | _aThe Gospel and our Culture Series | ||
| 700 |
_aGuder, Darrell L. _eeditor _933037 |
||
| 800 |
_aVan Gelder, Craig _934808 |
||
| 942 | _cBK | ||
| 999 |
_c27884 _d27884 |
||